Airlines serving Taipei Taoyuan Airport - Statistics

General Stats
  • This quiz has been taken 261 times
    162 since last reset
  • The average score is 40 of 61
Answer Stats
Answer % Correct
Air China
100%
EVA Air
98%
All Nippon Airways
96%
Japan Airlines
94%
China Southern Airlines
93%
China Airlines
92%
China Eastern Airlines
90%
Singapore Airlines
90%
Vietnam Airlines
90%
Korean Air
89%
UNI Air
89%
Cathay Pacific
88%
Thai Airways
88%
Emirates
87%
United Airlines
87%
Asiana Airlines
85%
Malaysia Airlines
85%
AirAsia
83%
Philippine Airlines
81%
KLM
80%
Xiamen Airlines
77%
Scoot
76%
Air Canada
74%
Air New Zealand
74%
Cebu Pacific
73%
Vietjet Air
73%
Shenzhen Airlines
71%
Turkish Airlines
71%
Hainan Airlines
70%
Peach
69%
Jeju Air
68%
Air Busan
66%
AirAsia X
65%
Sichuan Airlines
64%
Hong Kong Airlines
63%
Tigerair Taiwan
63%
Royal Brunei Airline
57%
Mandarin Airlines
56%
Spring Airlines
53%
Air Macau
52%
Bamboo Airlines
51%
Batik Air
51%
Jin Air
50%
Juneyao Airlines
49%
Jetstar Asia Airways
48%
Thai AirAsia
48%
T'way Air
48%
Shandong Airlines
47%
Starlux Airlines
46%
Jetstar Japan
45%
Thai Lion Air
45%
Malindo Air
44%
Starflyer
44%
Myanmar Airways International
42%
Eastar Jet
40%
S7 Airlines
40%
Hebei Airlines
37%
Philippines AirAsia
37%
Pacific Airlines
36%
Fly Gangwon
35%
JC Intl Airways
33%
No matching quizzes found
Score Distribution
Percent of People with Each Score
Percentile by Number Answered
Your Score History
You have not taken this quiz since the last reset